000 00398nam a22001457a 4500
005 20240705120152.0
008 240705b |||||||| |||| 00| 0 eng d
020 _a978-81-930886-8-5
041 _aeng
100 _aBATRA, DINANATH
_98392
245 _aPRERNA-DEEP [ KHAND-2] AATMAWAT SARVBHUTESHU
260 _aKURUKSHETRA
_bVIDYA BHARTI SANSKRITI SHIKSHA SANSTHAN
300 _a88; P
942 _cBK
999 _c8531
_d8529